000 00298nam a22001337a 4500
008 170322b xxu||||| |||| 00| 0 eng d
020 _a0721656668
041 _aeng
080 _25 ED
_a616.12-008-073
100 _a7
101 _aSHM
245 _aHEART DISEASE
_cBRAUNWALD.E
942 _2udc
_cBK
999 _c8330
_d8330